Préfectures et sous-préfectures commençant par la lettre S - Statistiques

Statistiques générales
  • Ce quiz a été pris 108 fois
    88 depuis la dernière actualisation
  • Le résultat moyen est 22 sur 42
Statistiques - réponses
Préf/Sous-préf. % Correct
Saint-Denis (La Réunion)
85%
Saint-Denis (Seine-Saint-Denis)
85%
Saint-Étienne
85%
Strasbourg
80%
Saintes
78%
Saint-Lô
78%
Saint-Paul
72%
Les {Sables}-{d}’{Olonne}
70%
Saint-Pierre (La Réunion)
67%
Saint-Pierre (Martinique)
67%
Saint-Brieuc
65%
Saint-Malo
59%
Saint-Nazaire
54%
Sarrebourg
54%
Sedan
54%
Saint-Quentin
52%
Sarcelles
52%
Saint-Dizier
50%
Saint-Jean-d’Angély
50%
Saverne
50%
Saint-Dié-des-Vosges
48%
Saint-Laurent-du-Maroni
48%
Sarreguemines
48%
Sélestat
48%
Sens
48%
Soissons
48%
Saumur
46%
Saint-Jean-de-Maurienne
43%
Saint-Omer
43%
Senlis
43%
Saint-Flour
41%
Saint-Germain-en-Laye
41%
Sarlat-la-Canéda
41%
Saint-Claude
37%
Sartène
37%
Saint-Benoît
35%
Saint-Girons
35%
Saint-Julien-en-Genevois
35%
Segré
35%
Saint-Amand-Montrond
33%
Saint-Gaudens
33%
Saint-Georges
33%
Aucun quiz correspondant
Distribution des résultats
% des personnes avec chaque résultat
Percentile par nombre de réponses
Votre historique - résultats
Vous n’avez pas pris ce quiz depuis la dernière actualisation